Gay marriage acceptance in Europe - Statistics

General Stats
  • This quiz has been taken 430 times
  • The average score is 9 of 10
Answer Stats
Hint Answer % Correct
74% Sweden
98%
85% Netherlands
94%
79% Denmark
93%
78% Norway
93%
11% Russia
92%
9% Ukraine
87%
82% Luxembourg
79%
11% Romania
77%
8% Lithuania
72%
12% Latvia
71%
No matching quizzes found
Score Distribution
Percent of People with Each Score
Percentile by Number Answered
Your Score History
You have not taken this quiz